[Event "Gyor Amateur op 21st"]
[Site "Gyor"]
[Date "2021.08.21"]
[Round "3"]
[White "Erdei, Lajos Jr"]
[Black "Horvath, Tibor"]
[Result "0-1"]
[WhiteElo "1946"]
[BlackElo "1837"]
[PlyCount "104"]
[EventDate "2021.08.21"]
[EventType "swiss"]
[EventRounds "5"]
[EventCountry "HUN"]
[SourceTitle "EXT 2024"]
[Source "ChessBase"]
[SourceDate "2023.10.10"]
[SourceVersion "1"]
[SourceVersionDate "2023.10.10"]
[SourceQuality "1"]

1. b3 Nf6 2. Bb2 e6 3. e3 d5 4. c4 Be7 5. Nf3 0-0 6. d3 Nbd7 7. Be2 c6 8. 0-0 Qc7 9. cxd5 exd5 10. Nbd2 Re8 11. Rc1 Qa5 12. Rc2 Ba3 13. Ba1 Qd8 14. h3 Nf8 15. Bc3 h6 16. Nd4 Qe7 17. Nb1 Bd6 18. Bf3 Ng6 19. Be2 Bd7 20. Re1 Rad8 21. Bf1 Bc7 22. g3 Qd6 23. Bg2 h5 24. f4 Re7 25. Nf3 Bb6 26. Ne5 Be8 27. Nd2 h4 28. Nxg6 fxg6 29. Be5 Rxe5 30. fxe5 Qxe5 31. Qf3 hxg3 32. Nf1 Nh5 33. Kh1 Bd7 34. Qd1 Rf8 35. Rce2 Qf6 36. Nd2 Qh4 37. Rf1 Bxh3 38. Rxf8+ Kxf8 39. Nf3 Bxg2+ 40. Kxg2 Qe7 41. Qf1 Kg8 42. Ng1 Bxe3 43. Nh3 d4 44. Qf3 Qh4 45. Qe4 g5 46. Qe6+ Kh8 47. Qe8+ Kh7 48. Qe4+ Kh6 49. Qe6+ g6 50. Qg8 Nf4+ 51. Kf3 g4+ 52. Ke4 Qe7+ 0-1

[Event "Gyor Amateur op 21st"]
[Site "Gyor"]
[Date "2021.08.21"]
[Round "2"]
[White "Halmai, Florian"]
[Black "Erdei, Lajos Jr"]
[Result "0-1"]
[WhiteElo "1415"]
[BlackElo "1946"]
[PlyCount "74"]
[EventDate "2021.08.21"]
[EventType "swiss"]
[EventRounds "5"]
[EventCountry "HUN"]
[SourceTitle "EXT 2024"]
[Source "ChessBase"]
[SourceDate "2023.10.10"]
[SourceVersion "1"]
[SourceVersionDate "2023.10.10"]
[SourceQuality "1"]

1. e4 d5 2. exd5 Nf6 3. d4 Nxd5 4. c4 Nf6 5. Nc3 c6 6. Nf3 Bg4 7. Be2 e6 8. h3 Bh5 9. Bg5 Be7 10. Ne5 Bxe2 11. Nxe2 Nbd7 12. a3 0-0 13. 0-0 Qc7 14. Nxd7 Qxd7 15. b4 Rad8 16. f3 Qc7 17. Bf4 Qc8 18. c5 Nd5 19. Qd2 Rd7 20. Rad1 Rfd8 21. Rfe1 Bf6 22. Bg5 Qc7 23. Bxf6 Nxf6 24. Qe3 e5 25. f4 exd4 26. Rxd4 Re8 27. Qd2 Rde7 28. Kf1 Ne4 29. Qd3 g6 30. g3 Qc8 31. Kg2 Nxg3 32. Qxg3 Rxe2+ 33. Rxe2 Rxe2+ 34. Kf3 Qe6 35. Rd3 Qe4+ 36. Kg4 Qf5+ 37. Kf3 Qxd3+ 0-1

[Event "HUN-chT2 Breyer 1819"]
[Site "Hungary"]
[Date "2019.02.10"]
[Round "5.7"]
[White "Erdei, Lajos Jr"]
[Black "Juhasz, Adam"]
[Result "1/2-1/2"]
[WhiteElo "1909"]
[BlackElo "1856"]
[PlyCount "106"]
[EventDate "2018.10.28"]
[EventType "team-tourn"]
[EventRounds "9"]
[EventCountry "HUN"]
[SourceTitle "CBM 189 Extra"]
[Source "ChessBase"]
[SourceDate "2019.06.03"]
[SourceVersion "1"]
[SourceVersionDate "2019.06.03"]
[SourceQuality "1"]
[WhiteTeam "Kisber Aszar"]
[BlackTeam "Zsambek"]
[WhiteTeamCountry "HUN"]
[BlackTeamCountry "HUN"]

1. e4 b6 2. d4 Bb7 3. Nc3 e6 4. Be3 Bb4 5. f3 d5 6. Bb5+ c6 7. Bd3 Nd7 8. Nge2 c5 9. exd5 exd5 10. 0-0 Ne7 11. Ng3 0-0 12. a3 cxd4 13. Bxd4 Bc5 14. Nce2 Ne5 15. c3 Bxd4+ 16. Nxd4 Nxd3 17. Qxd3 Qc8 18. Rfe1 Re8 19. Re3 Ba6 20. Qd2 Ng6 21. Rae1 Qd7 22. Kf2 Kf8 23. Rxe8+ Rxe8 24. Rxe8+ Qxe8 25. Qe3 Ne5 26. Ngf5 Nd3+ 27. Kg1 Qxe3+ 28. Nxe3 Nxb2 29. Nxd5 Nc4 30. Nc2 Bb7 31. Nde3 Nxe3 32. Nxe3 g6 33. Kf2 Ke7 34. Nc2 Kd6 35. Ke3 Kc5 36. Nd4 Kc4 37. Kd2 b5 38. Kc2 Bd5 39. Nb3 Be6 40. Nd2+ Kd5 41. Kd3 Bf5+ 42. Ke3 Kc5 43. g4 Be6 44. Kf4 Kb6 45. Ne4 Ka5 46. Nc5 Bc4 47. g5 Kb6 48. Ne4 Ka5 49. Nc5 Kb6 50. Nd7+ Ka5 51. Nc5 Kb6 52. Nd7+ Ka5 53. Nc5 Kb6 1/2-1/2

[Event "HUN-chT2 Breyer 1819"]
[Site "Hungary"]
[Date "2019.01.27"]
[Round "4.6"]
[White "Erdei, Lajos Jr"]
[Black "Bereczki, Istvan"]
[Result "0-1"]
[WhiteElo "1909"]
[BlackElo "2023"]
[PlyCount "104"]
[EventDate "2018.10.28"]
[EventType "team-tourn"]
[EventRounds "9"]
[EventCountry "HUN"]
[SourceTitle "CBM 189 Extra"]
[Source "ChessBase"]
[SourceDate "2019.06.03"]
[SourceVersion "1"]
[SourceVersionDate "2019.06.03"]
[SourceQuality "1"]
[WhiteTeam "Kisber Aszar"]
[BlackTeam "Torokbalint"]
[WhiteTeamCountry "HUN"]
[BlackTeamCountry "HUN"]

1. e4 c5 2. Nc3 g6 3. d4 Bg7 4. dxc5 Qa5 5. Bd2 Qxc5 6. Nf3 Nf6 7. Bd3 d6 8. 0-0 a6 9. h3 0-0 10. Be3 Qc7 11. Qd2 b5 12. Rfe1 Bb7 13. Bh6 Nbd7 14. Rad1 Rac8 15. Bxg7 Kxg7 16. Qg5 e6 17. e5 dxe5 18. Nxe5 Nxe5 19. Qxe5 Qxe5 20. Rxe5 Rfd8 21. a3 Nd7 22. Ree1 Nc5 23. Bf1 Kf6 24. f3 Ke7 25. Kf2 f6 26. Rxd8 Rxd8 27. b4 Nd7 28. Bd3 Ne5 29. Be4 Bxe4 30. Nxe4 Nc4 31. Nc5 Rd6 32. a4 e5 33. axb5 axb5 34. c3 Rd2+ 35. Re2 Rxe2+ 36. Kxe2 f5 37. Nb3 Kd6 38. Nc5 Nb6 39. g4 Na4 40. gxf5 gxf5 41. Nd3 Nxc3+ 42. Kd2 Nd5 43. h4 h5 44. Ke2 Ne7 45. Ne1 Nc6 46. Nc2 f4 47. Kd3 Kd5 48. Kc3 e4 49. Ne1 Nd4 50. Ng2 Ne2+ 51. Kd2 exf3 52. Ne1 f2 0-1

[Event "HUN-chT2 Breyer 1819"]
[Site "Hungary"]
[Date "2018.11.18"]
[Round "2.5"]
[White "Szabo, Lorinc"]
[Black "Erdei, Lajos Jr"]
[Result "1-0"]
[WhiteElo "1979"]
[BlackElo "1909"]
[PlyCount "53"]
[EventDate "2018.10.28"]
[EventType "team-tourn"]
[EventRounds "9"]
[EventCountry "HUN"]
[SourceTitle "CBM 189 Extra"]
[Source "ChessBase"]
[SourceDate "2019.06.03"]
[SourceVersion "1"]
[SourceVersionDate "2019.06.03"]
[SourceQuality "1"]
[WhiteTeam "Szekesfehervar"]
[BlackTeam "Kisber Aszar"]
[WhiteTeamCountry "HUN"]
[BlackTeamCountry "HUN"]

1. d4 Nf6 2. Nf3 g6 3. c4 Bg7 4. Nc3 0-0 5. e4 d6 6. Be2 c5 7. h3 cxd4 8. Nxd4 Nc6 9. Be3 Qa5 10. Nb3 Qc7 11. 0-0 Be6 12. Rc1 Rac8 13. f4 b6 14. g4 Qb7 15. g5 Ne8 16. f5 Bd7 17. Nd5 Bxb2 18. Rc2 Be5 19. Bg4 e6 20. fxe6 Bxe6 21. Nf6+ Kg7 22. Qe1 Nxf6 23. gxf6+ Bxf6 24. Rxf6 Kxf6 25. Qh4+ Kg7 26. Bh6+ Kg8 27. Qf6 1-0

[Event "HUN-chT2 Breyer 1819"]
[Site "Hungary"]
[Date "2018.10.28"]
[Round "1.4"]
[White "Matrahalmi, Tibor"]
[Black "Erdei, Lajos Jr"]
[Result "1/2-1/2"]
[WhiteElo "2276"]
[BlackElo "1909"]
[PlyCount "88"]
[EventDate "2018.10.28"]
[EventType "team-tourn"]
[EventRounds "9"]
[EventCountry "HUN"]
[SourceTitle "CBM 189 Extra"]
[Source "ChessBase"]
[SourceDate "2019.06.03"]
[SourceVersion "1"]
[SourceVersionDate "2019.06.03"]
[SourceQuality "1"]
[WhiteTeam "Naszaly Geniusz Tata"]
[BlackTeam "Kisber Aszar"]
[WhiteTeamCountry "HUN"]
[BlackTeamCountry "HUN"]

1. e4 d5 2. exd5 Nf6 3. d4 Nxd5 4. c4 Nf6 5. Nf3 Bg4 6. Be2 e6 7. 0-0 Be7 8. Qb3 Qc8 9. h3 Bh5 10. Bg5 Nbd7 11. Nc3 c6 12. Bf4 0-0 13. Rac1 Rd8 14. Rfd1 Nf8 15. g4 Bg6 16. Ne5 Bd6 17. Bf3 Ne8 18. Ne4 Bxe4 19. Bxe4 f6 20. Nd3 Qc7 21. Be3 Kh8 22. c5 Be7 23. Nf4 Qc8 24. Qc2 Rd7 25. b4 Nc7 26. a4 a6 27. Kg2 Qe8 28. Rb1 Rad8 29. h4 e5 30. Ne2 Nce6 31. dxe5 fxe5 32. h5 Bg5 33. Bf5 Qe7 34. Rxd7 Rxd7 35. Qe4 Bxe3 36. Qxe3 Qf6 37. b5 axb5 38. axb5 cxb5 39. Kg3 Rc7 40. Rxb5 Nd7 41. Nc3 Nf4 42. Be4 Qe7 43. Bxb7 Rxc5 44. Rxc5 Qxc5 1/2-1/2

[Event "Puspokladany Arnoth Memorial 10th"]
[Site "Puspokladany"]
[Date "2017.07.26"]
[Round "1"]
[White "Erdei, Lajos Jr"]
[Black "Nyland, Thomas"]
[Result "0-1"]
[WhiteElo "1898"]
[BlackElo "2124"]
[PlyCount "132"]
[EventDate "2017.07.26"]
[EventType "swiss"]
[EventRounds "9"]
[EventCountry "HUN"]
[SourceTitle "EXT 2019"]
[Source "ChessBase"]
[SourceDate "2018.10.10"]
[SourceVersion "1"]
[SourceVersionDate "2018.10.10"]
[SourceQuality "1"]

1. c4 e6 2. Nf3 d5 3. g3 Nf6 4. Bg2 Be7 5. 0-0 0-0 6. b3 b6 7. Bb2 Bb7 8. d3 c5 9. e3 Nbd7 10. Qe2 Qc7 11. Nbd2 Rfd8 12. Rfd1 a5 13. e4 d4 14. h3 a4 15. Nf1 Nb8 16. Bc1 Nc6 17. Bd2 axb3 18. axb3 Rxa1 19. Rxa1 Ra8 20. Qd1 Qb8 21. Ne1 Rxa1 22. Qxa1 Qa8 23. Qxa8+ Bxa8 24. e5 Nd7 25. f4 Bb7 26. Nh2 Nd8 27. Ng4 Bxg2 28. Kxg2 Nc6 29. Nf2 Ndb8 30. Nc2 f6 31. exf6 gxf6 32. Kf3 Kf7 33. g4 Na6 34. Ke4 Nc7 35. f5 e5 36. Bh6 Na5 37. Na1 Nb7 38. h4 Nd6+ 39. Kf3 Bf8 40. Bxf8 Kxf8 41. Ne4 Nce8 42. Nc2 h5 43. Ng3 hxg4+ 44. Kxg4 Nc7 45. Kf3 Kg7 46. Ke2 Na6 47. Kd2 Nb8 48. b4 Nc6 49. bxc5 bxc5 50. Ne1 Ne7 51. Ne4 Nexf5 52. Nxc5 Nxh4 53. Nd7 Kf7 54. c5 Nb5 55. Nb6 Ke6 56. Kc2 f5 57. Kb3 f4 58. Kc4 Nc7 59. Nc8 f3 60. Nxf3 Nxf3 61. Nd6 Nd2+ 62. Kb4 Kd5 63. Nb7 Nf3 64. Ka5 Kc6 65. Nd8+ Kxc5 66. Nb7+ Kd5 0-1

[Event "HUN-chT2 Szechenyi 1617"]
[Site "Hungary"]
[Date "2017.03.12"]
[Round "10.9"]
[White "Erdei, Lajos Jr"]
[Black "Lovasz, Tibor"]
[Result "1-0"]
[WhiteElo "1916"]
[BlackElo "1714"]
[PlyCount "71"]
[EventDate "2016.09.25"]
[EventType "team-tourn"]
[EventRounds "11"]
[EventCountry "HUN"]
[SourceTitle "EXT 2021"]
[Source "ChessBase"]
[SourceDate "2020.10.23"]
[SourceVersion "1"]
[SourceVersionDate "2020.10.23"]
[SourceQuality "1"]
[WhiteTeam "Gyor Szechenyi"]
[BlackTeam "Veszprem Ezust Huszar"]
[WhiteTeamCountry "HUN"]
[BlackTeamCountry "HUN"]

1. h4 d5 2. d4 Nf6 3. Bf4 e6 4. e3 Bd6 5. Bxd6 Qxd6 6. c3 Nbd7 7. Bd3 e5 8. Nd2 e4 9. Be2 b6 10. g4 h6 11. Nh3 g5 12. Qc2 Nf8 13. 0-0-0 Rg8 14. hxg5 hxg5 15. Rdg1 Bd7 16. f4 exf3 17. Bxf3 0-0-0 18. e4 dxe4 19. Nxe4 Nxe4 20. Qxe4 c6 21. Qc2 Ne6 22. Qd2 f6 23. Nf2 Nf4 24. Ne4 Qe6 25. Kb1 Kb8 26. Re1 Qf7 27. a3 Be6 28. Rh6 Rg6 29. Qh2 Rxh6 30. Qxh6 Bd5 31. Ka1 Re8 32. Qh1 Qe6 33. Qh7 Nd3 34. Re3 Nc1 35. Nd6 Nb3+ 36. Kb1 1-0

[Event "HUN-chT2 Szechenyi 1617"]
[Site "Hungary"]
[Date "2017.02.26"]
[Round "9.11"]
[White "Gal, Cintia"]
[Black "Erdei, Lajos Jr"]
[Result "0-1"]
[WhiteElo "1700"]
[BlackElo "1916"]
[PlyCount "98"]
[EventDate "2016.09.25"]
[EventType "team-tourn"]
[EventRounds "11"]
[EventCountry "HUN"]
[SourceTitle "EXT 2021"]
[Source "ChessBase"]
[SourceDate "2020.10.23"]
[SourceVersion "1"]
[SourceVersionDate "2020.10.23"]
[SourceQuality "1"]
[WhiteTeam "Sarvar"]
[BlackTeam "Gyor Szechenyi"]
[WhiteTeamCountry "HUN"]
[BlackTeamCountry "HUN"]

1. e4 c5 2. Nf3 e6 3. Nc3 a6 4. d3 Nc6 5. Be3 d6 6. Be2 Be7 7. 0-0 Nf6 8. Qd2 0-0 9. Bd1 b6 10. Ne2 Bb7 11. c3 Rc8 12. Bc2 Qc7 13. Rfe1 d5 14. exd5 Nxd5 15. Nf4 Nxe3 16. Qxe3 Bd6 17. Nh5 Ne7 18. Qg5 Ng6 19. Re3 Bf4 20. Nxf4 Qxf4 21. Qxf4 Nxf4 22. Rd1 Rfd8 23. Kf1 a5 24. g3 Nd5 25. Ne5 Nxe3+ 26. fxe3 b5 27. Ke2 f6 28. Ng4 h5 29. Nf2 Kf7 30. h4 g5 31. hxg5 fxg5 32. Rf1 Kg7 33. e4 Rf8 34. Bd1 Rcd8 35. Ke3 g4 36. Rh1 Kg6 37. Bb3 e5 38. Bd1 Rxf2 39. Kxf2 Rxd3 40. Re1 Rd2+ 41. Kf1 Rxb2 42. a4 b4 43. c4 Bc6 44. Re2 Rxe2 45. Kxe2 Bxe4 46. Ke3 Bc6 47. Bc2+ Kg5 48. Kf2 h4 49. gxh4+ Kxh4 0-1

[Event "HUN-chT2 Szechenyi 1617"]
[Site "Hungary"]
[Date "2017.02.12"]
[Round "8.10"]
[White "Horvath, Tibor"]
[Black "Erdei, Lajos Jr"]
[Result "0-1"]
[WhiteElo "1740"]
[BlackElo "1916"]
[PlyCount "142"]
[EventDate "2016.09.25"]
[EventType "team-tourn"]
[EventRounds "11"]
[EventCountry "HUN"]
[SourceTitle "EXT 2021"]
[Source "ChessBase"]
[SourceDate "2020.10.23"]
[SourceVersion "1"]
[SourceVersionDate "2020.10.23"]
[SourceQuality "1"]
[WhiteTeam "Lovo"]
[BlackTeam "Gyor Szechenyi"]
[WhiteTeamCountry "HUN"]
[BlackTeamCountry "HUN"]

1. d4 Nf6 2. Nc3 d5 3. Bg5 Bf5 4. Bxf6 exf6 5. e3 Bb4 6. Qd2 c6 7. Bd3 Be6 8. Nge2 0-0 9. 0-0 Re8 10. a3 Bd6 11. Ng3 Qb6 12. Nf5 Bxf5 13. Bxf5 g6 14. Bd3 f5 15. Ne2 Nd7 16. c4 dxc4 17. Bxc4 Nf6 18. Nc3 Qc7 19. g3 Rad8 20. Qc2 h5 21. Rfe1 h4 22. e4 hxg3 23. hxg3 fxe4 24. Nxe4 Kg7 25. Nxf6 Kxf6 26. Qc3 Kg7 27. Kg2 Be7 28. Qf3 Bf6 29. Rxe8 Rxe8 30. Rd1 Qb6 31. b4 a5 32. bxa5 Qxa5 33. d5 b5 34. Ba2 c5 35. d6 c4 36. d7 Rd8 37. Rd5 Qa6 38. Rc5 Be7 39. Rc6 Qxa3 40. Qxa3 Bxa3 41. Rb6 c3 42. Bb3 Rxd7 43. Rxb5 Rd2 44. Ra5 Be7 45. Ra7 Rxf2+ 46. Kxf2 Bc5+ 47. Ke2 Bxa7 48. Kd3 Bb8 49. Kxc3 Bxg3 50. Kd4 f5 51. Ke3 g5 52. Kf3 Bd6 53. Bc2 Kf6 54. Bb3 g4+ 55. Kg2 Kg5 56. Bd5 Kf4 57. Bc6 Kg5 58. Bb7 Kf6 59. Bc6 Ke5 60. Bb7 Kd4 61. Bc8 Ke5 62. Bb7 Be7 63. Bc8 Bh4 64. Bb7 f4 65. Bc6 Kd4 66. Bd7 f3+ 67. Kf1 g3 68. Bh3 Ke3 69. Kg1 Ke2 70. Bf1+ Ke1 71. Kh1 Kf2 0-1

[Event "HUN-chT2 Szechenyi 1617"]
[Site "Hungary"]
[Date "2016.11.13"]
[Round "4.10"]
[White "Erdei, Lajos Jr"]
[Black "Kurucsai, Agota"]
[Result "1-0"]
[WhiteElo "1916"]
[BlackElo "1605"]
[PlyCount "97"]
[EventDate "2016.09.25"]
[EventType "team-tourn"]
[EventRounds "11"]
[EventCountry "HUN"]
[SourceTitle "EXT 2021"]
[Source "ChessBase"]
[SourceDate "2020.10.23"]
[SourceVersion "1"]
[SourceVersionDate "2020.10.23"]
[SourceQuality "1"]
[WhiteTeam "Gyor Szechenyi"]
[BlackTeam "Ajka ASSE"]
[WhiteTeamCountry "HUN"]
[BlackTeamCountry "HUN"]

1. e4 e5 2. d4 exd4 3. f4 c5 4. Bc4 a6 5. Nf3 Nf6 6. e5 d5 7. exf6 dxc4 8. Qe2+ Be6 9. f5 Qxf6 10. fxe6 Qxe6 11. Bf4 Qxe2+ 12. Kxe2 Nc6 13. Nbd2 b5 14. a4 0-0-0 15. axb5 axb5 16. Ra8+ Kb7 17. Rxd8 Nxd8 18. Ne4 Ne6 19. Bg3 f5 20. Neg5 Nxg5 21. Nxg5 Be7 22. h4 Re8 23. Kd2 h6 24. Ne6 Bf6 25. Re1 c3+ 26. bxc3 dxc3+ 27. Kd1 Rc8 28. Be5 Bxh4 29. g3 Bf6 30. Bxf6 gxf6 31. Rf1 Re8 32. Nxc5+ Kc6 33. Nd3 Rd8 34. Rxf5 Rd6 35. Rc5+ Kb6 36. Rxc3 b4 37. Rb3 Rd4 38. Rxb4+ Rxb4 39. Nxb4 Kc5 40. Nd3+ Kd4 41. Ke2 Ke4 42. c4 Kd4 43. c5 Kd5 44. Kf3 h5 45. Kf4 Ke6 46. c6 Kd6 47. Nb4 Ke6 48. c7 Kd7 49. Nd5 1-0

[Event "HUN-chT4 1617"]
[Site "Hungary"]
[Date "2016.11.06"]
[Round "2.1"]
[White "Erdei, Lajos Jr"]
[Black "Kurcsics, Erika"]
[Result "1/2-1/2"]
[WhiteElo "1904"]
[BlackElo "1865"]
[PlyCount "147"]
[EventDate "2016.10.02"]
[EventType "team-tourn"]
[EventRounds "7"]
[EventCountry "HUN"]
[SourceTitle "EXT 2019"]
[Source "ChessBase"]
[SourceDate "2018.10.10"]
[SourceVersion "1"]
[SourceVersionDate "2018.10.10"]
[SourceQuality "1"]

1. Nf3 c5 2. c4 g6 3. g3 Bg7 4. Bg2 Nc6 5. 0-0 Nf6 6. Nc3 0-0 7. Rb1 a6 8. d3 h6 9. e4 d6 10. h3 Kh7 11. Be3 Bd7 12. Qd2 Qa5 13. Rfd1 b5 14. e5 Ne8 15. Nd5 Qxd2 16. Rxd2 Rd8 17. Nb6 Nxe5 18. Nxe5 Bxe5 19. Nxd7 Rxd7 20. cxb5 axb5 21. Bc6 Ra7 22. b4 Rc7 23. Bxb5 cxb4 24. d4 Bf6 25. Rxb4 Rc1+ 26. Kg2 Nc7 27. a4 Ra1 28. Rc2 Nd5 29. Rbc4 Rb8 30. Rc8 Rxc8 31. Rxc8 Ra2 32. Kf3 Nb6 33. Rc6 Nxa4 34. Ra6 Nc3 35. Rxa2 Nxa2 36. Bc4 Nb4 37. Bxf7 Nc6 38. Ke4 Kg7 39. Be8 Nb4 40. d5 Na6 41. f4 Nc7 42. Bd7 Kf7 43. g4 e6 44. dxe6+ Nxe6 45. Kd5 Nf8 46. Kxd6 Bc3 47. Bc8 Nh7 48. Bb7 Bb4+ 49. Kd5 Nf6+ 50. Kc4 Bd6 51. Bd5+ Kg7 52. Be6 Kh7 53. Bd4 Nxg4 54. f5 Nh2 55. Kd5 Bf8 56. f6 Nf3 57. Be3 Nh4 58. Kc6 g5 59. Bf7 Ng6 60. Kd7 Ne5+ 61. Ke8 Bb4 62. Bh5 Nc4 63. Bd4 Nd6+ 64. Kd7 Kg8 65. Ke6 Kf8 66. Be5 Ne4 67. Kf5 Nf2 68. Kg6 Nd3 69. Ba1 Bd2 70. Be2 Nf4+ 71. Kxh6 Nxe2 72. Kh5 Kf7 73. h4 gxh4 74. Kxh4 1/2-1/2

[Event "HUN-chT2 Breyer 1516"]
[Site "Hungary"]
[Date "2016.02.28"]
[Round "8.7"]
[White "Erdei, Lajos Jr"]
[Black "Ritter, Gabor"]
[Result "1/2-1/2"]
[WhiteElo "1921"]
[BlackElo "2069"]
[PlyCount "106"]
[EventDate "2015.09.13"]
[EventType "team-tourn"]
[EventRounds "11"]
[EventCountry "HUN"]
[SourceTitle "EXT 2017"]
[Source "ChessBase"]
[SourceDate "2016.10.25"]
[SourceVersion "1"]
[SourceVersionDate "2016.10.25"]
[SourceQuality "1"]
[WhiteTeam "Gyor UDSE"]
[BlackTeam "Vizugy"]
[WhiteTeamCountry "HUN"]
[BlackTeamCountry "HUN"]

1. e4 c5 2. Nc3 e6 3. Nf3 Nc6 4. d4 cxd4 5. Nxd4 Qc7 6. Ndb5 Qb8 7. Be3 Nf6 8. a3 Be7 9. Be2 0-0 10. 0-0 d6 11. f4 a6 12. Nd4 Qc7 13. Bf3 Na5 14. Nce2 Nc4 15. Bc1 e5 16. Nb3 b5 17. c3 Bb7 18. Qc2 Rad8 19. Ng3 Rfe8 20. Re1 Nd7 21. Nf5 Bf6 22. Nd2 exf4 23. Nxc4 Qxc4 24. Bxf4 Ne5 25. Bxe5 Bxe5 26. Rad1 a5 27. Re2 g6 28. Nd4 Rc8 29. Kh1 Rc7 30. Qd3 Qxd3 31. Rxd3 b4 32. axb4 axb4 33. Rc2 bxc3 34. bxc3 Ba6 35. Rd1 Rb8 36. g3 h5 37. Kg2 Rbc8 38. Ne2 Bxe2 39. Bxe2 Rxc3 40. Rxc3 Rxc3 41. Rd3 Rc2 42. Kf3 g5 43. h3 Kg7 44. g4 h4 45. Rd1 Kf6 46. Rd3 Rc7 47. Rd1 Bf4 48. Rd5 Rc3+ 49. Rd3 Rc5 50. Rd5 Be5 51. Rd1 Ke7 52. Rd5 Kd8 53. Rd3 Rc7 1/2-1/2

[Event "HUN-chT4 Chalupetzky 1516"]
[Site "Fertoszentmiklos"]
[Date "2015.11.15"]
[Round "2.2"]
[White "Erdei, Lajos Jr"]
[Black "Hadrik, Csaba"]
[Result "0-1"]
[WhiteElo "1942"]
[BlackElo "1949"]
[PlyCount "78"]
[EventDate "2015.10.11"]
[EventType "team-tourn"]
[EventRounds "7"]
[EventCountry "HUN"]
[SourceTitle "EXT 2017"]
[Source "ChessBase"]
[SourceDate "2016.10.25"]
[SourceVersion "1"]
[SourceVersionDate "2016.10.25"]
[SourceQuality "1"]
[WhiteTeam "UDSE II"]
[BlackTeam "Fertoszentmiklos"]
[WhiteTeamCountry "HUN"]
[BlackTeamCountry "HUN"]

1. e4 c5 2. Nc3 Nc6 3. Bb5 e6 4. Bxc6 bxc6 5. d3 d5 6. Nf3 Nf6 7. 0-0 Be7 8. h3 0-0 9. Bf4 Nd7 10. Re1 Re8 11. Qd2 Nf8 12. e5 Ng6 13. Bg3 Ba6 14. Ne2 Rb8 15. Rab1 c4 16. d4 Rb5 17. Nf4 Qb6 18. c3 Rb8 19. Nxg6 hxg6 20. Re2 Ba3 21. Ne1 Rxb2 22. Rxb2 Qxb2 23. Qxb2 Rxb2 24. Kf1 Bb5 25. Bf4 Rb1 26. f3 Ba4 27. Kf2 c5 28. Nc2 Bxc2 29. Rxc2 cxd4 30. cxd4 Bb2 31. Be3 c3 32. Ke2 Ra1 33. Kd3 Rxa2 34. Bc1 a5 35. g4 Ra3 36. Bg5 Rb3 37. Be7 a4 38. Rh2 a3 39. Kc2 a2 0-1

[Event "Gyor Amateur op 4th"]
[Site "Gyor"]
[Date "2015.08.29"]
[Round "4"]
[White "Kadi, Richard"]
[Black "Erdei, Lajos Jr"]
[Result "0-1"]
[WhiteElo "1690"]
[BlackElo "1959"]
[PlyCount "90"]
[EventDate "2015.08.28"]
[EventType "swiss"]
[EventRounds "5"]
[EventCountry "HUN"]
[SourceTitle "EXT 2016"]
[Source "ChessBase"]
[SourceDate "2015.10.08"]
[SourceVersion "1"]
[SourceVersionDate "2015.10.08"]
[SourceQuality "1"]

1. e4 g6 2. d4 d6 3. Nc3 Bg7 4. Be3 c6 5. Bd3 Nf6 6. f3 Nbd7 7. Nge2 c5 8. g4 cxd4 9. Nxd4 Ne5 10. Be2 a6 11. Qd2 h5 12. g5 Nfd7 13. h4 Nb6 14. b3 Bd7 15. Nd5 Nxd5 16. exd5 0-0 17. 0-0-0 Rc8 18. Kb1 b5 19. Rhf1 Qc7 20. f4 Ng4 21. Bg1 Qc3 22. Qxc3 Rxc3 23. Rf3 Rfc8 24. Rxc3 Rxc3 25. Rd3 Rc8 26. Bf3 Kf8 27. Rd2 Rc3 28. Rd3 Rc8 29. Nc6 e6 30. Na7 Rc3 31. Rxc3 Bxc3 32. Kc1 e5 33. Bxg4 Bxg4 34. fxe5 Bxe5 35. Bf2 f6 36. Kd2 fxg5 37. hxg5 Bf4+ 38. Be3 Bg3 39. Nc6 h4 40. Nd4 h3 41. Bg1 Bf2 42. Bh2 Bxd4 43. Bxd6+ Ke8 44. Kd3 Bc5 45. Bh2 Kd7 0-1

[Event "Level op-A 3rd"]
[Site "Level"]
[Date "2015.03.29"]
[Round "7"]
[White "Frank, Jozsef1111"]
[Black "Erdei, Lajos Jr"]
[Result "0-1"]
[WhiteElo "2096"]
[BlackElo "1947"]
[PlyCount "80"]
[EventDate "2015.03.27"]
[EventType "swiss"]
[EventRounds "7"]
[EventCountry "HUN"]
[SourceTitle "EXT 2020"]
[Source "ChessBase"]
[SourceDate "2019.10.17"]
[SourceVersion "1"]
[SourceVersionDate "2019.10.17"]
[SourceQuality "1"]

1. e4 d6 2. d4 Nf6 3. Nc3 g6 4. f4 Bg7 5. Nf3 c5 6. dxc5 Qa5 7. Bd3 Qxc5 8. Qe2 0-0 9. Bd2 Bg4 10. h3 Bxf3 11. Qxf3 Qb6 12. Qe3 Nbd7 13. Qxb6 Nxb6 14. 0-0 Rac8 15. Rae1 Nc4 16. Bc1 Nd7 17. Nd5 Rfe8 18. c3 e6 19. Ne3 Nxe3 20. Bxe3 Nc5 21. Bb5 Re7 22. Bd4 a6 23. Bxc5 Rxc5 24. Ba4 b5 25. Bb3 a5 26. Re2 a4 27. Bc2 Rec7 28. a3 Bxc3 29. bxc3 Rxc3 30. Bb1 Rxa3 31. f5 Rac3 32. fxe6 b4 33. Rd2 b3 34. Rxd6 a3 35. Rd7 fxe6 36. Rd8+ Kg7 37. Ra8 Rc1 38. Bd3 a2 39. Ra3 Rxf1+ 40. Kxf1 Rc1+ 0-1

[Event "Level op-A 3rd"]
[Site "Level"]
[Date "2015.03.27"]
[Round "2"]
[White "Erdei, Lajos Jr"]
[Black "Forgacs, Attila"]
[Result "0-1"]
[WhiteElo "1947"]
[BlackElo "2167"]
[PlyCount "138"]
[EventDate "2015.03.27"]
[EventType "swiss"]
[EventRounds "7"]
[EventCountry "HUN"]
[SourceTitle "EXT 2020"]
[Source "ChessBase"]
[SourceDate "2019.10.17"]
[SourceVersion "1"]
[SourceVersionDate "2019.10.17"]
[SourceQuality "1"]

1. e4 c5 2. Nf3 d6 3. d4 cxd4 4. Nxd4 Nf6 5. Nc3 a6 6. Be3 e5 7. Nb3 Be6 8. Be2 Be7 9. 0-0 0-0 10. f3 h6 11. Qd2 Qc7 12. g4 Nbd7 13. Kh1 Nh7 14. Rg1 g5 15. h4 Kg7 16. Rad1 Rac8 17. Bd3 Rh8 18. Nc1 Nb6 19. N1e2 Nc4 20. Bxc4 Qxc4 21. Ng3 f6 22. Rg2 Nf8 23. h5 Nd7 24. Nd5 Bf8 25. b3 Qc6 26. Nf5+ Bxf5 27. gxf5 Kf7 28. Nb4 Qb5 29. Nd5 Rg8 30. c4 Qc6 31. Nb4 Qc7 32. Qd5+ Kg7 33. Qe6 Qd8 34. Qd5 Qe8 35. Rh2 Rc7 36. Qe6 Qxe6 37. fxe6 Nc5 38. Nd5 Nxe6 39. Nxc7 Nxc7 40. c5 Nb5 41. cxd6 Bxd6 42. a4 Nd4 43. Bxd4 exd4 44. Rxd4 Bxh2 45. Rd7+ Kf8 46. Kxh2 Rg7 47. Rd8+ Kf7 48. Rh8 Ke6 49. Rxh6 Ke5 50. Kg3 b5 51. Kg4 bxa4 52. bxa4 Rb7 53. Rg6 Rb1 54. h6 Rh1 55. Kg3 Rh5 56. Kf2 a5 57. Kg2 Rh4 58. Rg7 Rxh6 59. Ra7 Rh8 60. Rxa5+ Ke6 61. Kg3 Rb8 62. Rb5 Rc8 63. a5 Rc1 64. Kg4 Rg1+ 65. Kh5 Rd1 66. Rf5 Kf7 67. e5 Ke6 68. Rxf6+ Kxe5 69. Rf7 Ke6 0-1